[Event "2025 Spring TNM: 2000+"]
[Site "San Francisco"]
[Date "2025.03.04"]
[Round "1.1"]
[White "Paragiri, Reyansh"]
[Black "Cremisi, Daniel"]
[Result "0-1"]
[WhiteElo "1981"]
[BlackElo "2390"]
[PlyCount "97"]
[GameId "2152558686765585"]
[EventDate "2025.??.??"]

1. e4 {[%emt 0:00:03]} e6 {[%emt 0:00:02]} 2. d4 {[%emt 0:00:34]} d5 {[%emt 0:00:02]} 3. Nd2 {[%emt 0:00:47]} a6 {[%emt 0:00:05]} 4. c3 {[%emt 0:00:59]} c5 {[%emt 0:01:49]} 5. Bd3 {[%emt 0:03:07]} Nc6 {[%emt 0:01:47]} 6. Ndf3 {[%emt 0:02:25]} cxd4 {[%emt 0:03:14]} 7. cxd4 {[%emt 0:00:40]} dxe4 {[%emt 0:01:36]} 8. Bxe4 {[%emt 0:00:31]} Nf6 {[%emt 0:02:25]} 9. Bc2 {[%emt 0:02:30]} Bb4+ {[%emt 0:02:26]} 10. Bd2 {[%emt 0:01:34]} Qb6 {[%emt 0:01:02]} 11. Bc3 {[%emt 0:02:44]} Nd5 {[%emt 0:03:29]} 12. Ne2 {[%emt 0:02:17]} Bd7 {[%emt 0:03:44]} 13. O-O {[%emt 0:03:50]} Rc8 {[%emt 0:01:05]} 14. Qd3 {[%emt 0:06:16]} Bd6 {[%emt 0:08:43]} 15. a3 {[%emt 0:04:57]} Nce7 {[%emt 0:02:18]} 16. Rfe1 {[%emt 0:09:13]} Bb5 {[%emt 0:03:43]} 17. Qd2 {[%emt 0:05:13]} Bxe2 {[%emt 0:06:24]} 18. Rxe2 {[%emt 0:01:44]} Nxc3 {[%emt 0:05:18]} 19. bxc3 {[%emt 0:00:22]} Qc7 {[%emt 0:02:59]} 20. Be4 {[%emt 0:05:37]} b6 {[%emt 0:03:37]} 21. Qg5 {[%emt 0:06:34]} Qxc3 {[%emt 0:05:54]} 22. Rd1 {[%emt 0:02:31]} O-O {[%emt 0:09:00]} 23. Bxh7+ {[%emt 0:02:41]} Kxh7 {[%emt 0:00:21]} 24. Qh5+ {[%emt 0:00:02]} Kg8 {[%emt 0:00:25]} 25. Ng5 {[%emt 0:00:05]} Qd3 {[%emt 0:01:32]} 26. Re4 {[%emt 0:00:06]} Qxd1+ {[%emt 0:01:30]} 27. Qxd1 {[%emt 0:00:06]} Bxa3 {[%emt 0:00:45]} 28. Re1 {[%emt 0:00:39]} Rc1 {[%emt 0:00:57]} 29. Qxc1 {[%emt 0:01:07]} Bxc1 {[%emt 0:00:04]} 30. Rxc1 {[%emt 0:00:06]} a5 {[%emt 0:01:04]} 31. Ne4 {[%emt 0:00:20]} Ra8 {[%emt 0:01:10]} 32. Kf1 {[%emt 0:00:21]} Nf5 {[%emt 0:00:37]} 33. Rb1 {[%emt 0:01:06]} a4 {[%emt 0:02:24]} 34. Nc3 {[%emt 0:00:21]} a3 {[%emt 0:02:23]} 35. Na2 {[%emt 0:00:53]} Ra6 {[%emt 0:02:48]} 36. Rb4 {[%emt 0:01:15]} Ne7 {[%emt 0:00:14]} 37. Rc4 {[%emt 0:01:43]} b5 {[%emt 0:00:36]} 38. Rb4 {[%emt 0:00:11]} Ra5 {[%emt 0:00:16]} 39. Ke2 {[%emt 0:00:14]} Nc6 {[%emt 0:00:16]} 40. Rb1 {[%emt 0:00:13]} Nxd4+ {[%emt 0:00:25]} 41. Kd3 {[%emt 0:00:05]} Nc6 {[%emt 0:01:06]} 42. Rc1 {[%emt 0:00:52]} Ra6 {[%emt 0:02:00]} 43. Rb1 {[%emt 0:00:52]} b4 {[%emt 0:00:55]} 44. Kc4 {[%emt 0:00:12]} Ra8 {[%emt 0:01:15]} 45. Rd1 {[%emt 0:01:34]} Rb8 {[%emt 0:00:27]} 46. Rb1 {[%emt 0:00:40]} b3 {[%emt 0:00:15]} 47. Ra1 {[%emt 0:00:56]} bxa2 {[%emt 0:00:08]} 48. Rxa2 {[%emt 0:00:03]} Rb2 {[%emt 0:00:10]} 49. Ra1 {[%emt 0:00:11]} 0-1

[Event "2025 Spring TNM: 2000+"]
[Site "San Francisco"]
[Date "2025.03.04"]
[Round "1.2"]
[White "Heiserman, Jimmy"]
[Black "Gaffagan, Steven"]
[Result "1-0"]
[Annotator "Winslow,Elliott"]
[WhiteElo "2303"]
[BlackElo "1967"]
[PlyCount "101"]
[GameId "2152094363250843"]
[EventDate "2025.??.??"]

1. d4 {[%emt 0:00:02]} Nf6 {[%emt 0:08:02]} 2. c4 {[%emt 0:00:11]} g6 {[%emt 0:00:38]} 3. Nc3 {[%emt 0:00:08]} Bg7 {[%emt 0:00:05]} 4. e4 {[%emt 0:00:08]} d6 {[%emt 0:00:03]} 5. Nf3 {[%emt 0:00:23]} O-O {[%emt 0:00:08]} 6. Be2 {[%emt 0:00:15]} Nbd7 {[%emt 0:00:17]} 7. O-O {[%emt 0:00:21]} e5 {[%emt 0:00:04]} 8. Be3 {[%emt 0:00:40]} Ng4 {[%emt 0:00:33]} (8... c6) (8... Qe7 $5 9. Qc2 c6 10. d5 (10. Rad1)) 9. Bg5 {[%emt 0:00:15]} f6 {[%emt 0:00:06]} 10. Bd2 {[%emt 0:03:57] [#]} (10. Bh4) (10. Bc1) 10... h5 {[%emt 0:01:39]} ({Relevant:} 10... Re8 11. Qc2 c6 12. Rad1 Qe7 13. h3 Nh6 14. Rfe1 Nf7 15. b4 exd4 16. Nxd4 f5 17. Nf3 Nde5 18. Bc1 f4 19. Bxf4 Nxf3+ 20. Bxf3 Qf6 21. Ne2 Bxh3 22. Rd3 Be6 23. Bxd6 Nxd6 24. Rxd6 Bf8 25. Rd3 Bxb4 26. Rb1 Bc5 27. Rxb7 Rab8 28. Rdb3 Rbd8 29. Rd3 Rxd3 30. Qxd3 Rd8 31. Qc2 Qa1+ 32. Rb1 Qe5 33. g3 Rf8 34. Nf4 Bc8 35. Nd3 Qxg3+ 36. Bg2 Bd4 37. c5 Bh3 38. Qc4+ Rf7 39. Rb8+ Qxb8 40. Bxh3 {0-1 Bluebaum,M (2647)-Nakamura,H (2736) Titled Tuesday intern op 30th Nov Chess.com INT blitz 2021 (9)}) (10... Nh6) 11. d5 {[%emt 0:03:19] [#]} a5 $146 {[%emt 0:03:14]} (11... Kh7 $16) (11... Nh6 $16) ({Predecessor:} 11... Nc5 12. b4 Nd7 13. Nh4 Kf7 14. Bxg4 hxg4 15. Qxg4 Rg8 {[%emt 0:00:02] 0-1 Ambrzykowski,L-Atasoy,M W-ch WS/O/1118 email ICCF email 2018 "time forfeit" ??? -- White has mate in}) 12. Nh4 $1 $18 {[%emt 0:05:38]} Kh7 {[%emt 0:08:35]} 13. Bxg4 {[%emt 0:05:08]} hxg4 {[%emt 0:00:45]} 14. Qxg4 {[%emt 0:00:23]} Qe8 {[%emt 0:00:50] [#]} 15. Nb5 $6 {[%emt 0:05:18]} (15. Qh3 $1 Rh8 (15... Kg8 16. Qe6+ (16. Qg3 g5 (16... Kh7 17. Nb5 $18) 17. Nf5 Qh5 18. f3 $18) 16... Qxe6 17. dxe6 Nc5 18. Nxg6 Re8 19. Nd5 Nxe6 20. f4 $18)) 15... Nc5 $1 {[%emt 0:02:17]} 16. Qe2 {[%emt 0:00:25]} (16. Qf3 $142) 16... Qe7 {[%emt 0:01:09]} (16... Qd8 $142) 17. Nf3 {[%emt 0:03:06]} Rh8 {[%emt 0:11:23]} 18. Nc3 {[%emt 0:18:44]} Bd7 {[%emt 0:06:36]} 19. Ne1 {[%emt 0:01:53]} f5 {[%emt 0:11:54] [#]} 20. exf5 {[%emt 0:04:25]} Bxf5 {[%emt 0:07:01]} 21. g4 {[%emt 0:04:13]} Bd7 {[%emt 0:03:01]} 22. f3 {[%emt 0:01:58]} e4 {[%emt 0:11:27]} 23. Nxe4 {[%emt 0:01:54]} (23. Ng2 $5 Rae8 24. Rae1 Bd4+ 25. Kh1 Kg8 $1 $14 26. Nxe4 Nxe4 27. fxe4 Be5 28. Bf4 g5 29. Bxe5 Qxe5 30. h4 Rh7 $1 31. Qf3 (31. h5 Qg3 $1 $15)) 23... Nxe4 {[%emt 0:00:14]} 24. Qxe4 {[%emt 0:00:10]} Qxe4 {[%emt 0:02:41]} 25. fxe4 {[%emt 0:00:04] [#]} Rhf8 $2 {[%emt 0:04:13] [#]} (25... Bxg4 $11 26. Rf7 Kg8 $1 27. Rxg7+ $1 (27. Rf4 Bxb2) (27. Rxc7 $4 Bd4+ 28. Kg2 Rf8 $19)) 26. Nd3 $6 {[%emt 0:04:55]} (26. h3 $1 Bxb2 27. Rb1 Bd4+ 28. Kg2 Rxf1 29. Kxf1 Rf8+ 30. Ke2 $1 $16) (26. Nf3 $5 Bxg4 27. Ng5+ Kg8 28. Bc3 Bh6 $1 29. h4 Be2 30. Rxf8+ Rxf8 31. b3 $14 a4 (31... Rf4)) 26... Bxg4 {[%emt 0:01:49]} (26... Bd4+ $1 27. Kg2 Bxg4 $11 28. Nf4 Rae8 29. Ne6 Bxe6 30. Rxf8 Rxf8 31. dxe6 Kg7 $1 $11) 27. Rae1 {[%emt 0:09:06] [#]} Bd4+ $2 {[%emt 0:05:33]} (27... Rxf1+ 28. Kxf1 $8 Rf8+ 29. Kg2 a4 $1 $132) 28. Be3 $1 {[%emt 0:05:29]} (28. Kg2 $2 Rxf1 29. Kxf1 (29. Rxf1 $4 Be2) 29... Bh3+ (29... Rf8+ 30. Kg2 Rf3 31. Nf4 $1 Rf2+ 32. Kg3 Bh5 $17) 30. Ke2 Bg4+) 28... Rxf1+ {[%emt 0:00:53]} (28... Bg7) 29. Kxf1 {[%emt 0:00:07]} Rf8+ {[%emt 0:01:41]} (29... Bf6 $142) 30. Kg2 {[%emt 0:03:26]} Bg7 {[%emt 0:04:07]} 31. Bf4 {[%emt 0:00:37]} b6 $6 {[%emt 0:03:38]} (31... Bd4 32. c5 Bh5 33. cxd6 cxd6 34. Bxd6 $2 (34. h4 $1 $16) 34... Rf3 $1 35. Ne5 Rf4 $1 $14) 32. h3 {[%emt 0:02:33]} Bd7 {[%emt 0:00:18]} 33. b3 {[%emt 0:00:49]} Bd4 {[%emt 0:00:44]} 34. Kg3 {[%emt 0:00:54]} Kg7 {[%emt 0:00:44]} 35. e5 $6 {[%emt 0:03:28]} (35. h4 $1 $16) 35... g5 {[%emt 0:00:10]} 36. Bxg5 {[%emt 0:01:16]} dxe5 {[%emt 0:00:16]} 37. Re2 {[%emt 0:01:19]} Re8 {[%emt 0:00:55]} 38. Nf2 {[%emt 0:01:33]} Bf5 {[%emt 0:00:42]} 39. Ng4 {[%emt 0:01:34]} Bd3 {[%emt 0:00:12]} (39... Kg6 40. Be3 Bc3 $16) 40. Bf6+ $2 {[%emt 0:02:11] [#]} (40. Rg2 $1 Bf1 41. Rd2 $16) 40... Kh7 $2 {[%emt 0:00:58]} (40... Kg6 $11 41. Nxe5+ Kxf6 42. Ng4+ Kf7) 41. Re1 $1 $18 {[%emt 0:02:16]} a4 {[%emt 0:00:37]} (41... Bf5 42. Nxe5 Bc3 43. Re2 Rf8 44. Be7 Re8 45. Nc6 Bd7 46. Kf2) 42. Nxe5 {[%emt 0:00:19]} (42. Bxe5 $142) 42... axb3 {[%emt 0:00:25]} 43. axb3 {[%emt 0:00:10]} Bc2 {[%emt 0:00:19] [#]} 44. b4 $2 {[%emt 0:00:20]} (44. Nf3 $1) 44... Ra8 $2 {[%emt 0:00:30]} (44... Rf8 $1 $14 45. Nd7 $5 Rxf6 46. Nxf6+ Bxf6 47. Kf4 Kg6 48. Re6 Ba4 49. b5 Kf7 50. Rc6 Bd8 51. h4 Bd1 $1 52. c5 bxc5 53. d6 cxd6 54. b6 Bxb6 55. Rxb6 $11) 45. Ng4 $18 {[%emt 0:00:28]} Ra3+ {[%emt 0:00:13]} 46. Kf4 {[%emt 0:01:01]} Bxf6 {[%emt 0:00:46]} 47. Nxf6+ {[%emt 0:00:04]} Kg6 {[%emt 0:00:12]} 48. Re6 {[%emt 0:00:15]} Bf5 {[%emt 0:00:59]} 49. Rc6 {[%emt 0:00:13]} Bxh3 {[%emt 0:00:11]} 50. Ne4+ {[%emt 0:00:28]} Kh5 {[%emt 0:00:51]} 51. Ng3+ {[%emt 0:00:26]} 1-0

[Event "2025 Spring TNM: 2000+"]
[Site "San Francisco"]
[Date "2025.03.04"]
[Round "1.3"]
[White "Walder, Michael"]
[Black "Dzhanhirov, Dmytro"]
[Result "0-1"]
[Annotator "Tactical Analysis 7.0"]
[WhiteElo "1935"]
[BlackElo "2235"]
[PlyCount "70"]
[GameId "2152133337208917"]
[EventDate "2025.??.??"]

1. e4 e6 2. d4 d5 3. e5 c5 4. c3 Qb6 5. Nf3 Bd7 6. Be2 Bb5 7. dxc5 Bxc5 8. b4 Bxe2 9. Qxe2 Bf8 10. a4 {White is better.} Ne7 11. O-O Nd7 {[%eval 96,27]} (11... a6 $14 {[%eval 58,31] might be stronger.}) 12. Na3 {87 [#] Threatens to win with a5.} Ng6 $146 {[%eval 171,28]} (12... Nc6 $16 {[%eval 78,32]}) ({Predecessor:} 12... a6 13. Bd2 Nc6 14. Rfe1 Be7 15. Nc2 O-O 16. h4 Rae8 17. a5 Qd8 18. c4 Bxh4 {½-½ Gueci,T (2228)-Coles,R (2084) Biel HTO 57th 2024 (4)}) 13. Be3 {[%eval 74,32]} (13. h4 $18 {[%eval 171,28]}) 13... Qd8 $16 (13... Qc6 14. Nd4 Qb6 (14... Qxa4 $2 15. Nab5 $18) 15. f4) 14. Bd4 Be7 15. g3 O-O 16. h4 $36 {Black is under strong pressure.} Re8 17. h5 Ngf8 18. Nc2 {[%eval 40,32] 70} (18. h6 $16 {[%eval 76,26]}) 18... f5 {[%eval 167,25]} (18... f6 $14 {[%eval 40,32]}) 19. Kg2 {[%eval 118,31]} ({White should try} 19. a5 $18 {[%eval 167,25]}) 19... h6 {[%eval 158,32]} (19... a5 $142 {[%eval 118,31]}) 20. Ne3 Nh7 {[%eval 226,27]} (20... Qc7 $16 {[%eval 138,33]}) 21. Nd2 a5 22. bxa5 {[%eval 89,32]} (22. Rfb1 $142 $1 {[%eval 148,24]}) 22... Rxa5 23. Rfb1 Qa8 {1.20/30 [#]} ({Black should try} 23... Nc5 $14 {[%eval 61,31]}) 24. c4 {[%eval -12,30]} (24. Nb3 $1 $16 {[%eval 120,30]} Ra6 (24... Rxa4 25. Qb5 $16) 25. Qb5) 24... dxc4 $11 25. Qf3 $2 {[%eval -185,28]} (25. Nf3 $11 {[%eval -12,39]}) 25... Rb8 {[%eval -129,32]} (25... Bc5 $19 {[%eval -185,28]} 26. Bxc5 Nxc5 (26... Nxe5 27. Qxb7 Rxc5 28. Qxa8 $11) 27. Ndxc4 Ng5 (27... Rxa4 28. Nb6 $11)) 26. Bc3 {[%eval -293,27]} (26. Nexc4 $2 Ng5 (26... Rxa4 27. Rxa4 Qxa4 28. Rxb7 $11) 27. Rb5 Nxf3 $19) (26. Kh2 $17 {[%eval -129,32] keeps fighting.}) 26... Ng5 $19 (26... Nxe5 27. Qe2 (27. Bxe5 Rxe5 28. Ndxc4 Ng5 $17) 27... b5+ 28. f3 $17) 27. Qd1 {[%eval -399,28]} (27. Qe2 $142 {[%eval -278,31]} b5+ (27... Rxa4 28. Rxa4 Qxa4 29. Qxc4 $17) 28. f3) 27... b5+ 28. f3 {[#]} Rxa4 {[%eval -15,37]} (28... b4 $1 $19 {[%eval -454,29]} 29. Nexc4 bxc3 30. Rxb8+ Nxb8 31. Nxa5 cxd2 (31... Qxa5 $2 32. Nc4 $19)) 29. Ndxc4 $2 {[%eval -571,29]} Rxa1 {Black is clearly winning.} 30. Rxa1 Qc6 31. Ra7 bxc4 32. Rxd7 Bc5 33. Kf2 Bxe3+ 34. Kxe3 Rb3 35. Rd8+ Kh7 0-1

[Event "2025 Spring TNM: 2000+"]
[Site "San Francisco"]
[Date "2025.03.04"]
[Round "1.4"]
[White "Winslow, Elliott"]
[Black "Viadiu-Ilarraza, Hector"]
[Result "1-0"]
[Annotator "Winslow,Elliott"]
[WhiteElo "2222"]
[BlackElo "1896"]
[PlyCount "111"]
[GameId "2152122929645316"]
[EventDate "2025.??.??"]

1. d4 {[%emt 0:00:25]} Nf6 {[%emt 0:09:19]} 2. c4 {[%emt 0:00:41]} c5 {[%emt 0:00:03]} 3. d5 {[%emt 0:00:07]} b5 {[%emt 0:00:04]} 4. Nf3 {[%emt 0:00:33]} bxc4 {[%emt 0:02:08]} (4... Bb7 $5) 5. Nc3 {[%emt 0:00:21]} d6 {[%emt 0:01:01]} 6. e4 {[%emt 0:01:19]} Nbd7 {[%emt 0:03:01]} 7. Bxc4 {[%emt 0:07:39]} g6 $16 {[%emt 0:01:34]} 8. h3 {[%emt 0:01:34]} (8. Bb5 $5 Qc7 9. O-O Bg7 10. Re1) 8... Bg7 {[%emt 0:00:13]} 9. O-O {[%emt 0:00:16]} O-O {[%emt 0:00:02]} 10. Re1 {[%emt 0:00:50] [#]} Ne8 {[%emt 0:09:29]} ({Relevant:} 10... Rb8 $142 11. Qc2 Nb6 12. Bf1 Nfd7 13. Bf4 Bb7 14. Rad1 c4 $6 15. Qd2 $18 Nc5 16. Bh6 Re8 17. Bxg7 Kxg7 18. Qd4+ Kg8 19. e5 {(Marginally better)} ({than} 19. Bxc4) 19... Nd3 20. Bxd3 cxd3 21. e6 f6 22. Rxd3 Rc8 23. b3 $6 Qc7 $6 (23... Rc5) 24. Ne4 $4 (24. Nh4 $1 Qc5 25. Qg4 Kg7 26. Rg3 {[%csl Rg6]}) 24... Bxd5 $2 $11 (24... Nxd5 $17) 25. Ng3 Qc2 26. Nh4 Kh8 27. Rde3 Ba8 28. R3e2 Qc6 29. Re3 Nd5 30. Nxg6+ hxg6 31. Qh4+ Kg8 32. Qh6 Nxe3 33. Qxg6+ Kh8 34. Qh6+ Kg8 35. Qg6+ Kh8 36. Qh6+ Kg8 37. Qg6+ {½-½ Svane,R (2633)-Christiansen,J (2655) Titled Tuesday intern op 04th Jun Late Chess.com INT blitz 2024 (10)}) 11. Bf4 {[%emt 0:07:15]} f6 $5 {[%emt 0:00:26] [#]} 12. Qc2 $146 {[%emt 0:10:04]} (12. a4) ({Predecessor:} 12. Rc1 Ne5 13. Nxe5 fxe5 14. Be3 {½-½ Langeweg,K (2405)-Hoogland,D NED-ch48 sf Enschede 1992 (2)}) 12... Ne5 {[%emt 0:05:14]} 13. Be2 {[%emt 0:02:31]} (13. Nxe5 fxe5 14. Bd2 {[%cal Ga2a3,Gb2b4]}) 13... a5 {[%emt 0:18:07]} 14. a4 {[%emt 0:16:38]} (14. b3) 14... Nc7 {[%emt 0:02:34]} (14... Nxf3+ 15. Bxf3 Qb6) 15. Nxe5 {[%emt 0:09:54]} fxe5 {[%emt 0:00:41]} 16. Be3 {[%emt 0:00:46]} h5 {[%emt 0:11:16]} (16... Ba6 17. Bxa6 Rxa6 $16 {[%cal Ga1a3,Ge3d2]}) 17. Qd2 {[%emt 0:03:44]} Kh7 {[%emt 0:01:14]} 18. Kh2 $6 {[%emt 0:00:44]} (18. Nb5 Bd7 19. Ra3 $16) 18... Rf7 {[%emt 0:00:31]} 19. g3 $2 {[%emt 0:03:08] Losing my way.} (19. Nb5 $16) (19. g4) (19. Rf1) (19. Kg1) 19... Qd7 {[%emt 0:09:05] [#]} (19... Qf8 $142 20. Rf1 $1 (20. Bf1 Bh6 21. Kg1 $11) 20... Bd7 21. f4 h4 22. gxh4 exf4 23. Bxf4 Rxf4 24. Rxf4 Be5 25. Raf1 Qh6 $1 26. Kg2 Bxf4 27. Qxf4 Qxf4 28. Rxf4 Kg7 29. h5 Rh8 $11) 20. Bf1 $2 {[%emt 0:00:11]} (20. g4 $1 $16 Rb8 $1 21. Nb5 hxg4 22. hxg4 Ba6 (22... Nxb5 $2 23. axb5 $18 Rxb5 24. Bxb5 Qxb5 (24... Qxg4 25. Rh1 $1 Rf3 26. Bf1 $1)) 23. Nxc7) 20... Ba6 {[%emt 0:00:05]} 21. Bxa6 {[%emt 0:03:37]} Nxa6 {[%emt 0:02:50]} (21... Rxa6) 22. Rf1 {[%emt 0:00:40]} (22. Rg1 $14) (22. g4 $14) 22... Nb4 {[%emt 0:02:08]} (22... Raf8 23. f3 Nc7 24. Kg2 Rb8) 23. Qe2 {[%emt 0:01:32]} (23. f3) (23. Kg2) 23... Raf8 {[%emt 0:00:39] "½-½?" (on my time)} 24. Rad1 $6 {[%emt 0:05:59]} (24. f3 h4 25. g4 Bh6 26. g5 Bg7 27. Kg2 c4 28. Rab1) 24... Bh6 {[%emt 0:01:57]} (24... h4 $15) (24... Rf3 $15) 25. Bxh6 {[%emt 0:06:07]} Kxh6 {[%emt 0:00:02] [#]} 26. Rd2 $2 {[%emt 0:00:41]} (26. f4 $1 exf4 27. gxf4 Rxf4 28. Rxf4 Rxf4 29. Qe3 g5 30. Ne2 Nc2 (30... Qxa4 31. b3 (31. Rc1 $11) 31... Qa2 32. Rd2 Rxe4 33. Qxe4 Qxd2 34. Qe6+ $11) 31. Qc3 Rf2+ 32. Kg3 Rxe2 33. Qh8+ $11) 26... Rf3 {[%emt 0:03:43]} 27. Kg2 {[%emt 0:01:26]} (27. Nd1) 27... g5 {[%emt 0:04:43]} (27... h4 $1 $19) 28. Rdd1 {[%emt 0:01:43]} (28. Nd1 $1 $15 Qxa4 29. Ne3 $15) 28... Kg6 {[%emt 0:02:41]} (28... h4 29. g4 c4) 29. Rd2 {[%emt 0:03:56]} R8f7 $2 {[%emt 0:00:17]} (29... c4) (29... h4 30. g4 c4 31. Qxf3 (31. Qxc4 $4 Rxh3 $1 $19) 31... Rxf3 32. Kxf3 Nd3 33. Kg2 $17) 30. Nd1 $1 {[%emt 0:01:00]} g4 {[%emt 0:00:41]} (30... Qxa4 $15) 31. Ne3 $2 {[%emt 0:00:42]} (31. hxg4 Qxg4 32. Rh1 Nd3 $4 (32... R7f4 33. Rh4 Qg5 34. Rxf4 Rxf4 35. Kh2 Rf6 36. Ne3 h4 $11) 33. Rxd3 Rxf2+ (33... Rxg3+ 34. Rxg3) 34. Qxf2 $18) 31... gxh3+ {[%emt 0:01:00]} 32. Kh2 {[%emt 0:00:02]} Kg5 {[%emt 0:04:13]} (32... Qc8 $1) 33. Rg1 {[%emt 0:04:28] [#]} (33. Ra1 $1 $11) 33... Qxa4 $4 {[%emt 0:02:06]} (33... Qc8 $1 34. Rc1 (34. Rf1 Kh6 35. Ra1 c4 $17) 34... Rxf2+ 35. Qxf2 Rxf2+ 36. Rxf2 Nd3 37. Rf5+ Qxf5 $15 38. Nxf5 Nxc1 39. Nxe7 c4 40. Nc8 Nd3 41. Nxd6 Nxb2 42. Nb7 Nxa4 43. d6 Nb6 44. Nxa5 c3 45. Kxh3 c2 46. Nb3 Nd7 47. Nc1 Nc5 48. Kg2 (48. Nb3 Kf6 $1 $19) 48... Kg4 49. Ne2 $15 (49. Na2 $15)) 34. Nf5 $1 $18 {[%emt 0:00:43]} Qb3 {[%emt 0:00:18]} 35. Kxh3 $2 {[%emt 0:00:41] [#]} (35. Ra1 $3 $18) 35... Nxd5 {[%emt 0:01:32]} 36. Kg2 $17 {[%emt 0:02:34]} R3xf5 {[%emt 0:01:06]} 37. exf5 {[%emt 0:00:29]} Rxf5 {[%emt 0:01:10]} 38. Rd3 {[%emt 0:01:01] [#]} Qb5 $4 (38... Qb7 $1 $19 39. f3 Kg6) 39. Qd2+ $1 {[%emt 0:00:14]} Nf4+ {[%emt 0:00:15]} 40. gxf4+ {[%emt 0:00:12]} exf4 $6 {[%emt 0:00:01]} (40... Rxf4 41. Rf3 Qb4 42. Qd5 Rxf3 43. Kxf3+ Kf6 44. Rg8) 41. Rd5 $6 {[%emt 0:00:27]} (41. Kh2+ Kf6 42. Rxd6+ {[%eval 32732,0]}) 41... Qc6 {[%emt 0:00:10]} 42. Kh2+ {[%emt 0:00:26]} Kf6 {[%emt 0:00:03]} 43. Rxf5+ {[%emt 0:00:11]} Kxf5 {[%emt 0:00:01]} 44. Qd3+ {[%emt 0:00:28]} Ke6 {[%emt 0:00:05]} 45. Rg6+ {[%emt 0:01:14]} Kd7 {[%emt 0:00:25]} 46. Qf5+ {[%emt 0:00:06]} Kc7 {[%emt 0:02:01]} 47. Qxf4 {[%emt 0:01:35]} Qe8 {[%emt 0:01:12]} 48. Rg7 {[%emt 0:00:46]} Kb6 {[%emt 0:00:28]} 49. Qe4 {[%emt 0:00:27]} Qf8 {[%emt 0:00:17]} 50. Rxe7 {[%emt 0:01:13]} Qxf2+ {[%emt 0:00:03]} 51. Kh3 {[%emt 0:00:07]} Qf1+ {[%emt 0:01:11]} 52. Kh4 {[%emt 0:00:14]} Qf2+ {[%emt 0:00:35]} (52... c4 53. Kg5 $1) 53. Kxh5 {[%emt 0:00:15]} Qh2+ {[%emt 0:00:03]} 54. Kg6 {[%emt 0:00:23]} Qg3+ {[%emt 0:00:56]} 55. Kf7 {[%emt 0:00:21]} Qb3+ {[%emt 0:00:39]} ({Stockfish 17:} 55... d5 56. Qxd5 Qf4+ 57. Ke8 Qb8+ 58. Kd7 Qc7+ 59. Ke6 Qc8+ 60. Kf7 a4 61. Qe6+ Qxe6+ 62. Kxe6 c4 63. Kd5 c3 64. bxc3 a3 65. Re8 Kb7 66. Re1 Kc7 67. Ra1 Kd7 68. Rxa3 Ke7 69. c4 Kf6 70. c5 Kg6 71. c6 Kf6 72. c7 Kf5 73. c8=Q+ Kf6 74. Rg3 Kf7 75. Qe6+ Kf8 76. Rg8# {[%eval 32726,58]}) 56. Kf8 {[%emt 0:00:15]} 1-0

[Event "2025 Spring TNM: 2000+"]
[Site "San Francisco"]
[Date "2025.03.04"]
[Round "1.5"]
[White "Clemens, Kristian"]
[Black "Bayaraa, Chinguun"]
[Result "1/2-1/2"]
[Annotator "Winslow,Elliott"]
[WhiteElo "1954"]
[BlackElo "2161"]
[PlyCount "116"]
[GameId "2152133357795423"]
[EventDate "2025.??.??"]

1. c4 {[%emt 0:01:33]} g6 {[%emt 0:02:07]} 2. Nc3 {[%emt 0:00:07]} Bg7 {[%emt 0:00:07]} 3. g3 {[%emt 0:00:10]} c5 {[%emt 0:00:28]} 4. Bg2 {[%emt 0:00:14]} e6 {[%emt 0:00:28]} 5. Nf3 {[%emt 0:02:09]} Nc6 {[%emt 0:00:14]} 6. e3 {[%emt 0:01:53]} Nge7 {[%emt 0:02:05]} 7. O-O {[%emt 0:01:18]} O-O {[%emt 0:00:26]} 8. d4 {[%emt 0:03:32]} cxd4 {[%emt 0:01:23]} 9. exd4 {[%emt 0:00:35]} d5 {[%emt 0:00:09]} 10. cxd5 {[%emt 0:01:31]} exd5 {[%emt 0:00:06] [#]} 11. Be3 {[%emt 0:09:40]} Nf5 {[%emt 0:02:40]} 12. Qb3 {[%emt 0:04:46]} Be6 {[%emt 0:12:29]} 13. Rad1 {[%emt 0:02:48]} Na5 {[%emt 0:02:23]} 14. Qc2 {[%emt 0:01:41]} Rc8 {[%emt 0:00:30]} 15. Bc1 {[%emt 0:05:44]} Qb6 {[%emt 0:01:39]} 16. Qd3 {[%emt 0:10:21]} Nc6 {[%emt 0:04:44]} 17. Ne2 {[%emt 0:05:52]} Rfd8 {[%emt 0:08:25]} 18. Rfe1 {[%emt 0:03:49]} a6 {[%emt 0:04:59]} 19. g4 {[%emt 0:03:56]} Nd6 {[%emt 0:01:53]} 20. h3 {[%emt 0:00:48]} Nc4 {[%emt 0:01:39]} 21. b3 {[%emt 0:01:43]} Nb4 {[%emt 0:01:18]} 22. Qb1 {[%emt 0:00:57]} Nd6 {[%emt 0:00:12]} 23. Bg5 {[%emt 0:04:03]} f6 {[%emt 0:01:39]} 24. Bf4 {[%emt 0:02:27]} Ne4 {[%emt 0:00:41]} 25. Rc1 {[%emt 0:01:40]} Nc6 {[%emt 0:01:48]} 26. Qb2 {[%emt 0:04:37]} f5 {[%emt 0:02:12]} 27. g5 {[%emt 0:03:03]} Nb4 {[%emt 0:02:06]} 28. Rxc8 {[%emt 0:06:34]} Rxc8 {[%emt 0:00:25]} 29. Rc1 {[%emt 0:01:09]} Re8 {[%emt 0:03:43]} 30. Ne1 {[%emt 0:02:21]} Nc6 {[%emt 0:02:17]} 31. Rd1 {[%emt 0:02:15]} Bf7 {[%emt 0:01:04]} 32. h4 {[%emt 0:01:53]} Nd8 {[%emt 0:01:13]} 33. Nd3 {[%emt 0:01:41]} Ne6 {[%emt 0:01:02]} 34. Be5 {[%emt 0:00:14]} Bf8 {[%emt 0:05:31]} 35. Rc1 {[%emt 0:00:59]} h6 {[%emt 0:00:54]} 36. f3 {[%emt 0:02:06]} Nd6 {[%emt 0:01:37]} 37. Nef4 {[%emt 0:01:30]} Nxf4 {[%emt 0:00:41]} 38. Bxf4 {[%emt 0:00:51]} Bg7 {[%emt 0:00:10]} 39. Nc5 {[%emt 0:01:23]} hxg5 {[%emt 0:00:43]} 40. hxg5 {[%emt 0:00:09]} Qb4 {[%emt 0:04:32] [#]} 41. Be5 {[%emt 0:01:03]} Nc4 {[%emt 0:00:27]} 42. Nd3 {[%emt 0:01:42]} Nxb2 {[%emt 0:03:47]} 43. Nxb4 {[%emt 0:00:01]} Bxe5 {[%emt 0:02:44]} 44. dxe5 {[%emt 0:00:03]} a5 {[%emt 0:00:53]} 45. Rb1 {[%emt 0:01:11]} axb4 {[%emt 0:02:37]} 46. Rxb2 {[%emt 0:00:02]} Rxe5 {[%emt 0:00:09]} 47. f4 {[%emt 0:00:16]} Re1+ {[%emt 0:01:52]} 48. Kf2 {[%emt 0:00:04]} Ra1 {[%emt 0:00:04]} 49. Ke3 {[%emt 0:00:35]} Kf8 {[%emt 0:12:18]} 50. Rd2 {[%emt 0:00:04]} Ke7 {[%emt 0:00:56]} 51. Bxd5 {[%emt 0:00:49]} Bxd5 {[%emt 0:03:40]} 52. Rxd5 {[%emt 0:00:02]} Rxa2 {[%emt 0:00:08]} 53. Rb5 {[%emt 0:00:08]} Kd6 {[%emt 0:02:16]} 54. Rxb4 {[%emt 0:00:38]} Kc6 {[%emt 0:00:05]} 55. Rc4+ {[%emt 0:03:06]} Kd6 {[%emt 0:00:58]} 56. Rb4 {[%emt 0:00:18]} Kc6 {[%emt 0:00:09]} 57. Rc4+ {[%emt 0:00:11]} Kd6 {[%emt 0:01:02]} 58. Rb4 {[%emt 0:02:17]} Kc6 1/2-1/2

[Event "2025 Spring TNM: 2000+"]
[Site "San Francisco"]
[Date "2025.03.04"]
[Round "1.7"]
[White "Agrawal, Varun"]
[Black "Srinivasan, Sivavishnu"]
[Result "1-0"]
[Annotator "Winslow,Elliott"]
[WhiteElo "1933"]
[BlackElo "2066"]
[PlyCount "83"]
[GameId "2152319653056240"]
[EventDate "2025.??.??"]

1. b3 e5 2. Bb2 Nc6 3. e3 d5 4. Bb5 Bd6 5. f4 Qe7 6. Nf3 Bg4 7. fxe5 Bxe5 8. Bxe5 Bxf3 9. Qxf3 Qxe5 10. Nc3 Nge7 11. O-O O-O 12. Bxc6 bxc6 13. Qf4 Qd6 14. e4 Qc5+ 15. Kh1 d4 16. Ne2 Ng6 17. Qxc7 Qxc2 18. Nxd4 Qxe4 19. Nf3 Qd5 20. Rac1 Rfc8 21. Qb7 a5 22. d4 Rab8 23. Qa6 Ra8 24. Qb7 Rab8 25. Qa6 Nf4 26. Rc5 Qe6 27. Rxa5 Qg6 28. Rg5 (28. Rf2) 28... Qc2 29. Ne1 (29. Ng1 $14) 29... Qe4 30. Qc4 Ne6 31. Rgf5 Rc7 $6 (31... Qxd4 32. Qxd4 Nxd4 33. Rxf7 Ra8 34. R7f2 c5 $14 {/=}) 32. Nc2 {[#]} Rd8 (32... c5 33. Re5 Qh4 34. Rfe1 g6 $16) 33. a4 Rdd7 34. Re5 Qg4 (34... Qg6 $16) 35. h3 Qg6 36. a5 (36. Nb4 $1 $18) 36... h6 37. a6 Qg3 38. Re4 {[#]} c5 $6 (38... Qd6 $16) 39. d5 Ng5 40. Re3 Qd6 41. Re8+ Kh7 42. h4 1-0